000 00470nam a2200181Ia 4500
003 GCL
008 140319s9999 xx 000 0 eng d
040 _aGCL /
_cGCL
082 0 4 _a973
_bT A
100 1 _aSHI, DAVID E
245 1 0 _aAMERICA: A NARRATIVE HISTORY /
_cSHI, DAVID E
700 1 _aTINDALL, GEORGE BROWN
260 _a[S.N] :
_bW.W.NORTON AND COMPANY ،
_c1996
300 _a1566 P
650 0 4 _aHISTORY
650 0 4 _aAMERICA - HISTORY
942 _2ddc
_cBK
999 _c14350
_d14350